[Event "GER-chT Betriebe 18th"]
[Site "Altenberg Zinnwald"]
[Date "2018.11.10"]
[Round "6.3"]
[White "Dekker, Derk"]
[Black "Leveikina, Jevgenija"]
[Result "1/2-1/2"]
[WhiteElo "1855"]
[BlackElo "2110"]
[PlyCount "73"]
[EventDate "2018.11.08"]
[EventType "team-swiss"]
[EventRounds "7"]
[EventCountry "GER"]
[SourceTitle "EXT 2020"]
[Source "ChessBase"]
[SourceDate "2019.10.17"]
[SourceVersion "1"]
[SourceVersionDate "2019.10.17"]
[SourceQuality "1"]
[WhiteTeam "Muenchen EPA"]
[BlackTeam "Herne Wanne Eickel EKJ"]
[WhiteTeamCountry "GER"]
[BlackTeamCountry "GER"]

1. d4 d5 2. c4 c6 3. Nc3 Nf6 4. Nf3 dxc4 5. e4 b5 6. e5 Nd5 7. a4 e6 8. Ng5 Be7 9. h4 Nxc3 10. bxc3 Bb7 11. Qf3 Bxg5 12. hxg5 Qd5 13. Qg4 c5 14. axb5 cxd4 15. Qxd4 Nd7 16. f4 Nb6 17. Ra5 0-0 18. Rh2 Rfd8 19. Be3 Qxd4 20. Bxd4 Be4 21. Bxb6 axb6 22. Ra6 Rxa6 23. bxa6 b5 24. g3 Ra8 25. Rb2 Bc6 26. a7 Rxa7 27. Bxc4 Rb7 28. Bd3 h6 29. gxh6 gxh6 30. Kd2 Kg7 31. Ke3 f6 32. exf6+ Kxf6 33. g4 e5 34. Rh2 exf4+ 35. Kxf4 Kg7 36. Rh5 b4 37. Rc5 1/2-1/2

[Event "Reykjavik op"]
[Site "Reykjavik"]
[Date "2016.03.13"]
[Round "7"]
[White "Dekker, Derk"]
[Black "Raddatz, Michael"]
[Result "0-1"]
[WhiteElo "1861"]
[BlackElo "2023"]
[PlyCount "48"]
[EventDate "2016.03.08"]
[EventType "swiss"]
[EventRounds "10"]
[EventCountry "ISL"]
[SourceTitle "CBM 171 Extra"]
[Source "ChessBase"]
[SourceDate "2016.04.26"]
[SourceVersion "1"]
[SourceVersionDate "2016.04.26"]
[SourceQuality "1"]

1. e4 c5 2. Nf3 Nc6 3. Bb5 Nd4 4. Nxd4 cxd4 5. 0-0 Nf6 6. Re1 Qa5 7. Bf1 e6 8. c3 Qe5 9. d3 Bc5 10. Qf3 0-0 11. Be2 d5 12. Bd1 dxe4 13. dxe4 Bd6 14. g3 Nd7 15. Bf4 Qc5 16. Bxd6 Qxd6 17. Qd3 e5 18. cxd4 exd4 19. f4 Nc5 20. Qd2 Rd8 21. Na3 d3 22. Kg2 Qd4 23. Bf3 Bd7 24. Qe3 Qxb2+ 0-1

[Event "GER-chT Betriebe 14th"]
[Site "Dresden"]
[Date "2014.11.21"]
[Round "3.1"]
[White "Dekker, Derk"]
[Black "Schmitzer, Klaus"]
[Result "0-1"]
[WhiteElo "1856"]
[BlackElo "2271"]
[PlyCount "83"]
[EventDate "2014.11.20"]
[EventType "team-swiss"]
[EventRounds "7"]
[EventCountry "GER"]
[SourceTitle "EXT 2020"]
[Source "ChessBase"]
[SourceDate "2019.10.17"]
[SourceVersion "1"]
[SourceVersionDate "2019.10.17"]
[SourceQuality "1"]
[WhiteTeam "Muenchen EPA"]
[BlackTeam "Frankfurt AGI"]
[WhiteTeamCountry "GER"]
[BlackTeamCountry "GER"]

1. e4 c6 2. d4 d5 3. Nc3 dxe4 4. Nxe4 Nf6 5. Nxf6+ gxf6 6. Bf4 Qb6 7. Rb1 Qa5+ 8. c3 Qxa2 9. Nf3 Bf5 10. Bd3 Qe6+ 11. Be3 Bxd3 12. Qxd3 Qg4 13. 0-0 Rg8 14. Ne1 Qg6 15. f4 Qxd3 16. Nxd3 f5 17. b4 a6 18. Nc5 b6 19. Nd3 e6 20. Ne5 Bd6 21. c4 f6 22. Nd3 Bc7 23. Rfe1 Kf7 24. Ra1 Nd7 25. Ra2 Rgb8 26. Rea1 a5 27. c5 bxc5 28. Nxc5 Nxc5 29. bxc5 e5 30. fxe5 fxe5 31. dxe5 Bxe5 32. Rf1 Kg6 33. Bf4 Bd4+ 34. Kh1 Rb5 35. Re2 Rxc5 36. Re6+ Kf7 37. Rfe1 Bf6 38. Rd6 Rd8 39. Rde6 Rd7 40. h3 Rc4 41. Bh6 Bh4 42. R1e3 0-1

[Event "GER-chT Betriebe 14th"]
[Site "Dresden"]
[Date "2014.11.20"]
[Round "2.1"]
[White "Wirth, Volker"]
[Black "Dekker, Derk"]
[Result "0-1"]
[WhiteElo "1717"]
[BlackElo "1856"]
[PlyCount "28"]
[EventDate "2014.11.20"]
[EventType "team-swiss"]
[EventRounds "7"]
[EventCountry "GER"]
[SourceTitle "EXT 2020"]
[Source "ChessBase"]
[SourceDate "2019.10.17"]
[SourceVersion "1"]
[SourceVersionDate "2019.10.17"]
[SourceQuality "1"]
[WhiteTeam "Stuttgart Sparkassen-Vers II"]
[BlackTeam "Muenchen EPA"]
[WhiteTeamCountry "GER"]
[BlackTeamCountry "GER"]

1. d4 d5 2. c4 e5 3. dxe5 d4 4. e3 Bb4+ 5. Bd2 dxe3 6. fxe3 Bxd2+ 7. Nxd2 Qg5 8. Qb3 Qxe5 9. Ngf3 Qe7 10. Be2 Nf6 11. 0-0 0-0 12. Bd3 Rd8 13. Rfe1 Nbd7 14. Rac1 Nc5 0-1